| 000 | 01033cam a2200325I 4500 | ||
|---|---|---|---|
| 001 | 43526 | ||
| 003 | BDRJUL | ||
| 005 | 20211209053718.0 | ||
| 008 | 160622r19651968caua b 000 0 eng u | ||
| 035 | _aBDRJUL43644 | ||
| 035 | _a(OCoLC)00411815 | ||
| 035 | _aGLIS00446877 | ||
| 040 |
_cCSU _dm.c. _dOCL _aBD-RjUL _beng |
||
| 041 | _aeng | ||
| 082 |
_223 _a658.315 _bSTP 1968 |
||
| 090 |
_aHD6961 _b.S779 |
||
| 099 | _aHD6961.S779 | ||
| 100 | 1 |
_aStagner, Ross, _d1909-1997. _9133707 |
|
| 245 | 1 | 0 |
_aPsychology of union-management relations / _c[by] Ross Stagner and Hjalmar Rosen. |
| 260 |
_aBelmont, Calif. : _bWadsworth Pub. Co. _c[1965 [reprint 1968] |
||
| 300 |
_avii, 147 p. : _bill. ; _c22 cm. |
||
| 490 | 1 | _aBehavioral science in industry series | |
| 504 | _aBibliography: p.[135]-140. | ||
| 650 | 0 |
_aIndustrial relations. _9133708 |
|
| 700 | 1 |
_aRosen, Hjalmar, _d1922- _9133709 |
|
| 830 | 0 |
_aBehavioral science in industry series. _9133714 |
|
| 942 |
_2ddc _cBK |
||
| 949 | _aMYGD | ||
| 999 |
_c43526 _d43526 |
||